00833 2200193 4500001002100000005001500021035002000036007000300056008004100059020001800100082001100118084001700129100002400146245005200170250001100222260003500233300002100268520035000289INLIS00000000000012320260520105450 a0010-0526000011ta260520 b 0 ind  a9786020759340 a297.63 a297.63 BUN t0 aBunda Ary Indriyani1 aTanda - Tanda Perpisahan /cBunda Ary Indriyani aCet. I aBandung :bCordoba Kids,cs.a. a21 hlm. :bIlus. aBuku anak Tanda-Tanda Perpisahan menceritakan tentang tanda-tanda perpisahan Rasulullah dengan umatnya menjelang akhir hayat beliau. Disampaikan dengan bahasa sederhana dan menyentuh untuk anak, buku ini mengajarkan rasa cinta kepada Rasulullah, keteladanan akhlak, kesabaran, serta pentingnya mengikuti ajaran Islam dalam kehidupan sehari-hari.